5HLuxD.jpg

KING HENRY VIII SENIOR AND PRIMARY SCHOOL LIBRARY OPAC

The emperor's ostrich / (Record no. 3484)

000 -LEADER
fixed length control field 00975nam a22002057a 4500
005 - DATE AND TIME OF LATEST TRANSACTION
control field 20240129110240.0
008 - FIXED-LENGTH DATA ELEMENTS--GENERAL INFORMATION
fixed length control field 240129b ||||| |||| 00| 0 eng d
020 ## - INTERNATIONAL STANDARD BOOK NUMBER
International Standard Book Number 9781250158888
040 ## - CATALOGING SOURCE
Transcribing agency KH8
082 ## - DEWEY DECIMAL CLASSIFICATION NUMBER
Classification number FIC BER
100 ## - MAIN ENTRY--PERSONAL NAME
Personal name Berry, Julie,
Dates associated with a name 1974-
Relator term Author
245 ## - TITLE STATEMENT
Title The emperor's ostrich /
Statement of responsibility, etc. Julie Berry
260 ## - PUBLICATION, DISTRIBUTION, ETC.
Place of publication, distribution, etc. New York,
Name of publisher, distributor, etc. Roaring Brook Press,
Date of publication, distribution, etc. 2017
300 ## - PHYSICAL DESCRIPTION
Extent 276 pages :
Dimensions 22 cm
Accompanying material map ;
520 ## - SUMMARY, ETC.
Summary, etc. "Young dairymaid Begonia has lost her cow, Alfalfa. So she has set off on a search across the countryside even though she has nothing but a magical map to guide her. Meanwhile, the Emperor has gone missing from the royal palace in a most mysterious manner. Was it murder? Was it magic? It will take all of Begonia's wits to save the empire and get Alfalfa home safely"-- Provided by publisher<br/>
650 ## - SUBJECT ADDED ENTRY--TOPICAL TERM
Topical term or geographic name entry element Action and adventure fiction
650 ## - SUBJECT ADDED ENTRY--TOPICAL TERM
Topical term or geographic name entry element Adventure and adventurers Fiction
650 ## - SUBJECT ADDED ENTRY--TOPICAL TERM
Topical term or geographic name entry element Adventure stories
942 ## - ADDED ENTRY ELEMENTS (KOHA)
Source of classification or shelving scheme
Koha item type Books - Fiction
Holdings
Withdrawn status Lost status Source of classification or shelving scheme Damaged status Not for loan Collection code Permanent Location Current Location Shelving location Date acquired Total Checkouts Full call number Barcode Date last seen Date last checked out Price effective from Koha item type
          Fiction KH8 Primary School Library KH8 Primary School Library Fiction 2024-01-29 4 FIC BER KHPL000004429 2025-12-05 2024-11-15 2024-01-29 Books - Fiction

Powered By KH8 IT Dept